Wsie w Polsce o nazwach znanych miast - Statystyki

Ogólne statystyki
  • Ten quiz został rozwiązany 511 razy
  • Średni wynik to 4 z 14
Answers on the Grid
Answers color-coded by a green-red scale on the quiz's grid according to % correct below.
Aleksandria
Ateny
Bagdad
Budapeszt
Dubaj
Grodno
Kapsztad
Kijów
Kłajpeda
Kolonia
Lizbona
Londyn
Lwów
Moskwa
Ostrawa
Paryż
Praga
Rzym
Sewilla
Stambuł
Tokio
Wenecja
Wiedeń
Wilno
 
Statystyki odpowiedzi
Odpowiedź % Poprawnych
Paryż
57%
Rzym
49%
Wenecja
33%
Kolonia
31%
Moskwa
29%
Praga
27%
Grodno
24%
Kijów
22%
Aleksandria
21%
Ateny
20%
Ostrawa
20%
Lizbona
13%
Kłajpeda
12%
Bagdad
9%
Nie znaleziono quizów pasujących do podanych kryteriów
Rozkład punktacji
Procent ludzi z każdym wynikiem
Percentyl według liczby udzielonych odpowiedzi
Twoja historia wyników
Nie rozwiązałeś tego quizu